| 000 | 00733nas a2200253 i 4500 | ||
|---|---|---|---|
| 001 | 2117 | ||
| 003 | ES-MaACL | ||
| 005 | 20250814062556.0 | ||
| 007 | t| | ||
| 008 | 950801d18611865fr | | 1 ||re d | ||
| 022 | _a0980-6830 | ||
| 080 | _a06 | ||
| 245 | 0 | 0 |
_aRevue du monde colonial _b: organe ... des Deux Mondes / _cpubliée sous la direction de A. Noirot. |
| 260 |
_aParis : _bBureau de la Revue, _c1861-1865. |
||
| 300 |
_a3 v. ; _c22 cm. |
||
| 310 | _aMensual | ||
| 362 | 0 | _aAño I 1861- 1865. | |
| 650 | 7 |
_aCultura _2embne _9170963 |
|
| 650 | 4 |
_aInstituciones científicas y diversas _913829 |
|
| 700 | 0 |
_aNoirot, A, _edir. _9194393 |
|
| 852 |
_aES-MaACL _jB-9672-74 |
||
| 866 | 0 | _o1864(1865). | |
| 999 |
_c2117 _d2117 |
||